Central Library OPAC University of Rajshahi
Normal view MARC view

Entry Personal Name

Number of records used in: 1

001 - CONTROL NUMBER

  • control field: 3237

003 - CONTROL NUMBER IDENTIFIER

  • control field: BD-RjUL

005 - DATE AND TIME OF LATEST TRANSACTION

  • control field: 20220529115201.0

008 - FIXED-LENGTH DATA ELEMENTS

  • fixed length control field: 220529|| aca||aabn | a|a d

040 ## - CATALOGING SOURCE

  • Original cataloging agency: BD-RjUL
  • Transcribing agency: BD-RjUL

100 ## - HEADING--PERSONAL NAME

  • Personal name: Jarrett, Henry Sullivan = جاريت, هنري سوليفان

670 ## - SOURCE DATA FOUND

  • Source citation: Work cat.: (BD-RjUL)79865: Jarrett, Henry Sullivan = جاريت, هنري سوليفان , منتخب كتاب الف ليلة و ليلة.= Selections from the Alif laylah for the higher standard examination in Arabic for officers in the military & civil services /, 1888